00973nab a2200253uuc4500001000800000005001700008008004100025035001200066040001300078041000800091100003200099245013900131336009100270650002700361650003300388650002600421650001800447650002500465650001900490650001700509650002500526700004600551773012200597153294120260424102145.0190828 eng  a1532941 ccomduadb aeng10aPimentel , Janine4auteaut10aInterlingual transfer of social media terminology: A case study based on a corpus of English, Spanish and Brazilian newspaper articles atextobtxt0(uri)http://www.rdaregistry.info/termList/RDAContentType/#10202rdacontent aTranslation procedures aProcedimientos de traduccion 7aAnálisis de datos2 aData analysis 7aTerminología2lemb 0aRedes sociales aSocial media 7aTerminología2lemb10aOrtego-Antón , María-Teresa4auteaut0 tBabel : Revue Internationale de la Traduction (Holanda)gVol. 65, No. 1, 2019, pp. 114-130w683747x0521-97440204821